| 000 | 00495nam a22001697a 4500 | ||
|---|---|---|---|
| 003 | OSt | ||
| 005 | 20230323075248.0 | ||
| 008 | 180228b ||||| |||| 00| 0 eng d | ||
| 040 |
_aMMU _cMMU _dMMU _beng |
||
| 050 | 0 | 0 | _aPR 823 .I58 1966 |
| 100 | _aCrothers George D | ||
| 245 | 1 | 0 |
_aInvitation to learning: English & American novels/ _c George D. Crothers. |
| 260 |
_aNew York : _bBasic Books, _c1966. |
||
| 300 | _axiv, 356 p. : | ||
| 650 | 0 | _aEnglish and american novels | |
| 942 |
_2lcc _cFICTION |
||
| 999 |
_c30641 _d30640 |
||